banner-ar

الصحافة اليوم = (Record no. 62604)

MARC details
000 -الفاتح
حقل البيانات ثابتة الطول 00948nam a22002537a 4500
005 - وقت وتاريخ اخر تعامل مع التسجيلة
رقم الضبط 20240530110558.0
008 - عناصر البيانات ثابتة الطول - معلومات عامة
حقل البيانات ثابتة الطول 160308s2012 ua g 000 0 ara d
017 ## - رقم الايداع القانونى
رقم الايداع القانونى 22205
المصدر ( الهيئة المختصة) مصر . دار الكتب المصرية
020 ## - الرقم الدولى المعيارى للكتب
الرقم الدولى المعيارى للكتاب 9789773582718
040 ## - مصدر الفهرسة
وكالة الفهرسة الأصلية EG-CaGPL
082 04 - رقم تصنيف ديوى العشرى
رقم الطبعة 21
رقم التصنيف 070\
رقم المادة ت ص
100 1# - المدخل الرئيسى - إسم شخصى
الإسم الشخصى تشابمان ، جين
245 12 - بيان العنوان
العنوان الصحافة اليوم =
بقية العنوان journalismtoday /
بيان المسئوليه,etc تاليف جين تشابمان ، نك نوتول ؛ ترجمة احمد المغربى .
250 ## - بيان الطبعة
بيان الطبعة ط1.
260 ## - PUBLICATION, DISTRIBUTION, ETC. (IMPRINT)
تاريخ النشر أو التوزيع 2012 .
300 ## - الوصف المادى
التعداد 316 ص ؛
أبعاد الوعاء 24 سم .
650 04 - المدخل الاضافى بالموضوع-مصطلح موضوعى
مصطلح موضوعي الصحافة .
650 04 - المدخل الاضافى بالموضوع-مصطلح موضوعى
مصطلح موضوعي الصحافة
التقسيم الفرعي العام تحرير .
650 04 - المدخل الاضافى بالموضوع-مصطلح موضوعى
مصطلح موضوعي حرية الصحافة .
700 0# - المدخل الاضافى - اسم شخصى
الإسم الشخصى احمد المغربى .
الدور مترجم
700 1# - المدخل الاضافى - اسم شخصى
الإسم الشخصى نوتول ، نك
الدور مؤلف مشارك
942 ## - عناصر المدخل الإضافي( كوها)
مصدر التصنيف او مخطط الترفيف Dewey Decimal Classification
Koha [default] item type كتاب
260 ## - PUBLICATION, DISTRIBUTION, ETC. (IMPRINT)
-- القاهرة :
-- دار الفجر للنشر و التوزيع ،
Holdings
حالة التراجع حالة الفقد حالة تلف ليس للاعارة المكان المؤقت الموقع الحالى تاريخ الاكتساب اجمالي اﻻعارات رقم الطلب الباركود تاريخ اخر مشاهدة تاريخ تفعيل السعر نوع وعاء كوها
        مكتبة القاهرة الكبرى مكتبة القاهرة الكبرى 08/31/2016   070\ ت ص 162376 08/31/2016 08/31/2016 كتاب

Powered By

EGPV